U.S. States with the Longest Road Networks - Statistics

General Stats
  • This quiz has been taken 73 times
  • The average score is 8 of 10
Answer Stats
Length (M) State % Correct
275,376 Florida
100%
396,540 California
98%
683,533 Texas
98%
256,579 Michigan
85%
306,658 Illinois
83%
262,492 Ohio
80%
272,662 Georgia
78%
277,504 Missouri
63%
290,618 Minnesota
56%
286,606 Kansas
44%
No matching quizzes found
Score Distribution
Percent of People with Each Score
Percentile by Number Answered
Your Score History
You have not taken this quiz